Linie autobusowe w Krakowie - Statystyki

Ogólne statystyki
  • Ten quiz został rozwiązany 538 razy
  • Średni wynik to 87 z 194
Statystyki odpowiedzi
Linia kierunek % Poprawnych
105 | 129 | 130 | +3 others Dworzec Główny Zachód
75%
102 | 168 | 194 | +2 others Krowodrza Górka
74%
130 | 138 | 173 Azory
70%
117 | 138 | 139 | +2 others Kombinat
69%
120 | 172 | 572 | 664 Bronowice Małe
68%
123 | 178 | 482 | +2 others Mistrzejowice
67%
105 | 128 | 184 | +2 others Prądnik Czerwony
67%
182 | 192 | 482 | +2 others Dworzec Główny Wschód
66%
669 Nowy Bieżanów P+R
65%
116 | 578 | 662 Czerwone Maki P+R
64%
164 | 169 | 469 Górka Narodowa
63%
121 | 151 | 175 | +3 others Borek Fałęcki
61%
106 | 133 | 135 | +3 others Łagiewniki
61%
144 | 154 Prądnik Biały
61%
100 Salwator
59%
109 | 134 | 502 Cracovia Stadion
55%
101 | 112 | 124 | +3 others Os. Podwawelskie
55%
159 Cichy Kącik
53%
113 | 129 | 152 | 608 Czyżyny Dworzec
53%
123 | 125 | 425 Mały Płaszów P+R
53%
189 | 662 Plac Centralny im. R.Reagana
51%
111 | 131 | 141 | +3 others Pleszów
51%
159 | 664 Os. Piastów
50%
137 | 140 | 189 Nowy Kleparz
49%
144 Rżąka
49%
143 Bieżanów
45%
152 Chełm
45%
127 | 143 | 158 Podgórze SKA
45%
134 ZOO
45%
103 | 110 | 122 | +8 others Aleja Przyjaźni
44%
100 | 101 Kopiec Kościuszki
43%
174 | 179 Os. Kurdwanów
41%
133 | 153 | 163 | +2 others Nowy Bieżanów Południe
39%
124 TAURON Arena Kraków Wieczysta
39%
425 | 605 Złocień
39%
142 | 182 | 442 | 511 Os. Na Stoku
38%
139 | 601 Mydlniki Wapiennik P+R
37%
102 | 109 | 609 Bielany
36%
168 | 501 | 511 | 611 Chełmońskiego Pętla
36%
136 | 194 | 608 Pod Fortem
35%
164 Piaski Nowe
34%
424 Ugorek
32%
137 | 503 | 637 Górka Narodowa Wschód
31%
184 Starowiślna
31%
107 | 155 | 169 Zajezdnia Wola Duchacka
31%
501 Bulwarowa
30%
103 | 149 Lesisko
30%
433 | 469 Piaski Wielkie
29%
155 Swoszowice SKA
28%
163 Szpital Rydygiera
26%
112 | 612 Tyniec Kamieniołom
26%
106 Skotniki Szkoła
24%
605 Teatr Słowackiego
24%
128 Zajezdnia Płaszów
24%
537 Witkowice
23%
405 | 442 Cmentarz Prądnik Czerwony
22%
127 Bagry
21%
113 EC Łęg
21%
413 Rondo Czyżyńskie
21%
162 Podgórki Tynieckie
19%
153 Bieżanów Potrzask
18%
122 | 422 Zesławice
18%
175 | 475 Sidzina
17%
125 Miejskie Centrum Opieki
16%
192 Olszanica Bory
16%
160 Ruszcza
16%
107 Soboniowice
16%
149 Szpital Okulistyczny
16%
120 Tonie
16%
110 Węgrzynowice
16%
121 Kliny Poranne
15%
135 Golkowice Pętla
14%
176 Kostrze OSP
14%
181 Kujawy
14%
413 Na Załęczu
14%
141 Przylasek Rusiecki
14%
176 Bodzów
13%
140 Radzikowskiego Osiedle
12%
171 Wróżenice
12%
131 Chałupki
11%
151 | 451 Judyma Szkoła
11%
116 Kozienicka
11%
642 Rondo Kocmyrzowskie im. Ks. Gorzelanego
11%
117 Łuczanowice
10%
158 Wrobela
3%
Nie znaleziono quizów pasujących do podanych kryteriów
Rozkład punktacji
Procent ludzi z każdym wynikiem
Percentyl według liczby udzielonych odpowiedzi
Twoja historia wyników
Nie rozwiązałeś tego quizu